000 00981nam0a2200301 4500
001 RU\NLR\bibl\1047233
005 20250615032951.0
010 _a5-462-00168-1
_98000
021 _aRU
_b2006-87696
_94444
035 _a(NLR Aleph) 001034586
090 _a780066
_c780066
100 _a20070216d2006 |||y0rusy50 ca
101 1 _arus
_cger
102 _aRU
105 _aa |||||||||
200 1 _aПицца
_eсамые вкусные рецепты
_f[Г. Поггенполь
_gпер. с нем. Е. Турчаниновой]
210 _aМосква
_cАСТ-ПРЕСС
_d2006
215 _a79,[1] с.
_cцв. ил.
_d27
225 1 _aЗолотая библиотека хозяйки
606 1 _aПицца
_xРецептура
_91991610
_3RU\NLR\auth\66914420
686 _aЛ869
702 1 _aПоггенполь
_bГ.
_4220
801 0 _aRU
_bNLR
_c20070216
_gRCR
801 1 _aRU
_bNLR
_c20070216
942 _cBOOK
980 _aNB